[Event "24. European Club Cup 2008 Femenino"]
[Site "Kallithea GRE"]
[Date "2008.10.21"]
[Round "5.7"]
[White "Demina, Julia"]
[Black "Lian, Marina"]
[Result "1-0"]
[WhiteElo "2357"]
[BlackElo "1869"]
[PlyCount "93"]
[EventDate "2008.10.17"]
[EventType "team-tourn"]
[EventRounds "7"]
[EventCountry "GRE"]
[Source "lmi"]
[SourceDate "2008.10.17"]
[WhiteTeam "Finek"]
[BlackTeam "Herzliya"]

1. d4 Nf6 2. Nf3 e6 3. c4 b6 4. a3 Bb7 5. Nc3 Ne4 6. Qc2 f5 7. Nd2 Nxc3 8. bxc3
Qf6 9. Bb2 Qg6 10. f3 d6 11. O-O-O Nd7 12. e4 fxe4 13. Nxe4 Bxe4 14. fxe4 Be7
15. Kb1 O-O 16. Bd3 e5 17. Rhf1 Rxf1 18. Rxf1 Rf8 19. Rxf8+ Nxf8 20. g3 Ne6 21.
Qa4 c5 22. Qxa7 Bf8 23. Qxb6 Qh5 24. Bc2 Qxh2 25. d5 Ng5 26. a4 Qe2 27. a5 Nxe4
28. Bxe4 Qxe4+ 29. Ka1 Qxc4 30. a6 Qa4+ 31. Kb1 Qe4+ 32. Ka2 Qa4+ 33. Ba3 Qc4+
34. Kb2 Qxd5 35. a7 c4 36. Qb8 Qd2+ 37. Kb1 Qd3+ 38. Ka2 Qc2+ 39. Bb2 Qa4+ 40.
Kb1 Qd1+ 41. Bc1 Qd3+ 42. Kb2 Qe2+ 43. Ka1 Qc2 44. a8=Q Qxc1+ 45. Ka2 Qd2+ 46.
Qb2 Qd3 47. Qag2 1-0

[Event "24. European Club Cup 2008 Femenino"]
[Site "Kallithea GRE"]
[Date "2008.10.21"]
[Round "5.8"]
[White "Peptan, Corina-Isabela"]
[Black "Genzling, Sylvie"]
[Result "1-0"]
[WhiteElo "2430"]
[BlackElo "1936"]
[PlyCount "57"]
[EventDate "2008.10.17"]
[EventType "team-tourn"]
[EventRounds "7"]
[EventCountry "GRE"]
[Source "lmi"]
[SourceDate "2008.10.17"]
[WhiteTeam "Iasi"]
[BlackTeam "Bischwiller"]

1. e4 e6 2. d4 d5 3. Nd2 c5 4. exd5 exd5 5. Ngf3 Nc6 6. Bb5 Bd6 7. O-O Nge7 8.
dxc5 Bxc5 9. Nb3 Bd6 10. Bg5 O-O 11. Bh4 Qb6 12. Be2 Be6 13. Bg3 Bxg3 14. hxg3
Nf5 15. Kh1 Rad8 16. Bd3 Nce7 17. Qd2 Bc8 18. Bxf5 Bxf5 19. Nfd4 Rd6 20. Rae1
Rh6+ 21. Kg1 Be6 22. Re3 Nc8 23. Rfe1 Bd7 24. Re5 Bc6 25. Nf5 Rg6 26. Qa5 Kh8
27. c3 Rg4 28. Qa3 Rd8 29. Re8+ 1-0

[Event "24. European Club Cup 2008 Femenino"]
[Site "Kallithea GRE"]
[Date "2008.10.21"]
[Round "5.8"]
[White "Motoc, Alina"]
[Black "Fischer, Julie"]
[Result "1-0"]
[WhiteElo "2313"]
[BlackElo "1664"]
[PlyCount "55"]
[EventDate "2008.10.17"]
[EventType "team-tourn"]
[EventRounds "7"]
[EventCountry "GRE"]
[Source "lmi"]
[SourceDate "2008.10.17"]
[WhiteTeam "Iasi"]
[BlackTeam "Bischwiller"]

1. d4 Nf6 2. c4 g6 3. Nc3 Bg7 4. e4 d6 5. h3 O-O 6. Bg5 Nbd7 7. Bd3 e5 8. d5
Nc5 9. Bc2 h6 10. Be3 a5 11. Qd2 Kh7 12. Nge2 b6 13. g4 Ng8 14. Ng3 Ba6 15. b3
Bf6 16. O-O-O Bg7 17. h4 Rb8 18. Qe2 Qd7 19. g5 b5 20. cxb5 Bxb5 21. Nxb5 Qxb5
22. Qxb5 Rxb5 23. h5 Ra8 24. hxg6+ Kxg6 25. gxh6 Bxh6 26. Bxh6 Nxh6 27. Rdg1
Ng8 28. Nh5+ 1-0

[Event "24. European Club Cup 2008 Femenino"]
[Site "Kallithea GRE"]
[Date "2008.10.21"]
[Round "5.9"]
[White "Petrenko, Svetlana"]
[Black "Grapsa, Georgia"]
[Result "1-0"]
[WhiteElo "2285"]
[BlackElo "2121"]
[PlyCount "81"]
[EventDate "2008.10.17"]
[EventType "team-tourn"]
[EventRounds "7"]
[EventCountry "GRE"]
[Source "lmi"]
[SourceDate "2008.10.17"]
[WhiteTeam "Gross-Lehna"]
[BlackTeam "Galaxias"]

1. e4 c5 2. Nc3 d6 3. f4 g6 4. Nf3 Bg7 5. Be2 Nc6 6. O-O Nh6 7. h3 f5 8. d3 O-O
9. Qe1 Nd4 10. Bd1 e6 11. Ng5 Nf7 12. Nxf7 Rxf7 13. Nb1 Bd7 14. c3 Nc6 15. Nd2
b5 16. Nf3 Rf8 17. Be3 b4 18. e5 Qa5 19. d4 bxc3 20. bxc3 cxd4 21. cxd4 d5 22.
Nd2 Rfd8 23. Nb3 Qxe1 24. Rxe1 Bf8 25. Nc5 Rab8 26. Nxd7 Rxd7 27. Ba4 Rc7 28.
Rec1 Rbc8 29. Rab1 Na5 30. Bd7 Rxc1+ 31. Bxc1 Rc4 32. Bxe6+ Kg7 33. Be3 Rc3 34.
Bd2 Ra3 35. Bxd5 Ra4 36. Bxa5 Rxa5 37. Rb7+ Kh6 38. Bg8 Bg7 39. g4 fxg4 40.
hxg4 g5 41. f5 1-0

[Event "24. European Club Cup 2008 Femenino"]
[Site "Kallithea GRE"]
[Date "2008.10.21"]
[Round "5.9"]
[White "Paganoglou, Anastasia"]
[Black "Voicu, Carmen"]
[Result "0-1"]
[WhiteElo "1953"]
[BlackElo "2239"]
[PlyCount "110"]
[EventDate "2008.10.17"]
[EventType "team-tourn"]
[EventRounds "7"]
[EventCountry "GRE"]
[Source "lmi"]
[SourceDate "2008.10.17"]
[WhiteTeam "Galaxias"]
[BlackTeam "Gross-Lehna"]

1. e4 c5 2. Nf3 e6 3. c4 Nc6 4. Nc3 e5 5. Be2 g6 6. d3 Bg7 7. Bg5 f6 8. Bh4 d6
9. Nd5 Be6 10. a3 Qd7 11. Qa4 Rb8 12. b4 b6 13. O-O h5 14. Bg3 Nge7 15. h4 Rc8
16. bxc5 dxc5 17. Bd1 O-O 18. Rb1 Qe8 19. Nd2 Bd7 20. f4 Bh6 21. Qc2 Nd4 22.
Qb2 Nxd5 23. cxd5 exf4 24. Bxf4 Bxf4 25. Rxf4 Qe5 26. Rf2 Qg3 27. Nf3 Nxf3+ 28.
Rxf3 Qe1+ 29. Kh2 Qxh4+ 30. Kg1 Qg5 31. Bb3 Qe5 32. Qd2 Kg7 33. Rbf1 Qd4+ 34.
Kh1 Rce8 35. Qf4 Re5 36. Bc2 b5 37. Re3 a5 38. Bb3 a4 39. Ba2 Qb2 40. Bb1 Rg5
41. Rg3 Rxg3 42. Qxg3 Qe5 43. Qe1 h4 44. Qf2 h3 45. g3 Qd4 46. Qf4 Qb2 47. Qf2
Qxf2 48. Rxf2 b4 49. Rc2 Rc8 50. Kg1 Kf7 51. Rc4 bxa3 52. Rc3 Rb8 53. Ba2 Rb2
54. Rxa3 Bg4 55. d4 cxd4 0-1

[Event "24. European Club Cup 2008 Femenino"]
[Site "Kallithea GRE"]
[Date "2008.10.21"]
[Round "5.9"]
[White "Nagel, Verena"]
[Black "Papathanasiou, Ageliki"]
[Result "1-0"]
[WhiteElo "2052"]
[BlackElo "1866"]
[PlyCount "63"]
[EventDate "2008.10.17"]
[EventType "team-tourn"]
[EventRounds "7"]
[EventCountry "GRE"]
[Source "lmi"]
[SourceDate "2008.10.17"]
[WhiteTeam "Gross-Lehna"]
[BlackTeam "Galaxias"]

1. d4 d5 2. Nf3 Nf6 3. Bf4 c5 4. c3 Nc6 5. dxc5 e6 6. e3 Bxc5 7. Nbd2 O-O 8.
Qc2 Qe7 9. Nb3 Bd6 10. Bxd6 Qxd6 11. Rd1 Qe7 12. Be2 Rd8 13. O-O e5 14. Rfe1 e4
15. Nfd4 Ng4 16. Bf1 Rd6 17. Bb5 Rh6 18. h3 Nge5 19. Kf1 Qh4 20. Ne2 Nf3 21.
Ng3 Nxe1 22. Kxe1 Be6 23. Nc5 a6 24. Qa4 Rc8 25. Bxc6 Rxc6 26. Nxb7 Bd7 27. Qd4
Rb6 28. Nc5 Rbd6 29. Qb4 Bb5 30. Ncxe4 dxe4 31. Rxd6 a5 32. Qxb5 1-0

[Event "24. European Club Cup 2008 Femenino"]
[Site "Kallithea GRE"]
[Date "2008.10.21"]
[Round "5.9"]
[White "Papathanasiou, Elisavet"]
[Black "Skogvall, Martina"]
[Result "1/2-1/2"]
[WhiteElo "1582"]
[BlackElo "2130"]
[PlyCount "91"]
[EventDate "2008.10.17"]
[EventType "team-tourn"]
[EventRounds "7"]
[EventCountry "GRE"]
[Source "lmi"]
[SourceDate "2008.10.17"]
[WhiteTeam "Galaxias"]
[BlackTeam "Gross-Lehna"]

1. d4 Nf6 2. c4 e6 3. Nf3 b6 4. g3 Bb7 5. Bg2 Bb4+ 6. Bd2 Bxd2+ 7. Nbxd2 O-O 8.
Qc2 d5 9. Ne5 Nbd7 10. Nxd7 Qxd7 11. e3 Rfe8 12. O-O c6 13. Nf3 Rad8 14. Ne5
Qc8 15. c5 Nd7 16. Nxd7 Qxd7 17. Rac1 e5 18. Qa4 b5 19. Qc2 Bc8 20. a3 f6 21.
Rfe1 Qf7 22. Rcd1 Qh5 23. Qe2 Qg6 24. Bf3 Qf7 25. Qc2 f5 26. Bg2 f4 27. exf4
exf4 28. Qc3 h5 29. Rxe8+ Rxe8 30. Re1 Rf8 31. Qd2 Bg4 32. Qxf4 Qxf4 33. gxf4
Rxf4 34. h3 Bf5 35. Re8+ Kf7 36. Ra8 Ke7 37. Rxa7+ Bd7 38. Bxd5 Kd8 39. Ra8+
Kc7 40. Bg2 Rxd4 41. Rg8 Rd2 42. b4 Rd3 43. Rxg7 Rxa3 44. Be4 Kd8 45. Rg8+ Kc7
46. Rg7 1/2-1/2

[Event "24. European Club Cup 2008 Femenino"]
[Site "Kallithea GRE"]
[Date "2008.10.22"]
[Round "6.1"]
[White "Hoang, Thanh Trang"]
[Black "Koneru, Humpy"]
[Result "0-1"]
[WhiteElo "2483"]
[BlackElo "2618"]
[PlyCount "114"]
[EventDate "2008.10.17"]
[EventType "team-tourn"]
[EventRounds "7"]
[EventCountry "GRE"]
[Source "lmi"]
[SourceDate "2008.10.17"]
[WhiteTeam "Epam"]
[BlackTeam "CEMC"]

1. d4 d5 2. c4 e6 3. Nf3 Nf6 4. g3 dxc4 5. Bg2 Nc6 6. O-O Rb8 7. e3 b5 8. a4 a6
9. axb5 axb5 10. b3 cxb3 11. Qxb3 Be7 12. Bb2 O-O 13. Rc1 Bb7 14. Nbd2 Nb4 15.
Ba3 Bd5 16. Qb1 Ra8 17. Bxb4 Rxa1 18. Qxa1 Bxb4 19. Qb2 Qd6 20. Rb1 Bxd2 21.
Qxd2 Rb8 22. Qa5 b4 23. Nd2 Bxg2 24. Kxg2 h5 25. Rc1 Nd5 26. Nb3 h4 27. Qc5 Nc3
28. Ra1 Qxc5 29. dxc5 Rd8 30. Ra7 Rd3 31. Rxc7 Nd1 32. Na5 b3 33. Rb7 h3+ 34.
Kxh3 b2 35. Nc4 Rc3 36. Nxb2 Nxf2+ 37. Kg2 Ng4 38. Kf3 Nxh2+ 39. Ke4 Rxc5 40.
Nd3 Rc4+ 41. Ke5 Ng4+ 42. Kd6 Nxe3 43. Ne5 Nf5+ 44. Kd7 Rd4+ 45. Kc6 f6 46. Ng6
e5 47. Rb8+ Kh7 48. Nf8+ Kh6 49. Rb1 Nxg3 50. Rg1 Rd3 51. Nd7 Nf5 52. Nc5 Nd4+
53. Kc7 Rd2 54. Rh1+ Kg6 55. Ne4 Ne6+ 56. Kc6 Rd4 57. Rg1+ Ng5 0-1

[Event "24. European Club Cup 2008 Femenino"]
[Site "Kallithea GRE"]
[Date "2008.10.22"]
[Round "6.1"]
[White "Cramling, Pia"]
[Black "Atalik, Ekaterina"]
[Result "1-0"]
[WhiteElo "2550"]
[BlackElo "2432"]
[PlyCount "57"]
[EventDate "2008.10.17"]
[EventType "team-tourn"]
[EventRounds "7"]
[EventCountry "GRE"]
[Source "lmi"]
[SourceDate "2008.10.17"]
[WhiteTeam "CEMC"]
[BlackTeam "Epam"]

1. d4 Nf6 2. Nf3 g6 3. c4 Bg7 4. Nc3 d5 5. cxd5 Nxd5 6. Bd2 O-O 7. e4 Nb6 8.
Be3 Bg4 9. Be2 Bxf3 10. gxf3 e6 11. h4 Nc6 12. e5 Nd5 13. h5 Nce7 14. Qd2 Nxe3
15. fxe3 Nf5 16. hxg6 hxg6 17. f4 c5 18. d5 exd5 19. Nxd5 Nd4 20. Nc3 Nf5 21.
Bd3 Qd7 22. O-O-O Rfe8 23. Qf2 Qe6 24. Be4 Rab8 25. Nd5 Rbc8 26. Bxf5 Qxf5 27.
Qh4 Kf8 28. Nf6 Re7 29. Qh7 1-0

[Event "24. European Club Cup 2008 Femenino"]
[Site "Kallithea GRE"]
[Date "2008.10.22"]
[Round "6.1"]
[White "Matveeva, Svetlana"]
[Black "Dzagnidze, Nana"]
[Result "1/2-1/2"]
[WhiteElo "2411"]
[BlackElo "2503"]
[PlyCount "91"]
[EventDate "2008.10.17"]
[EventType "team-tourn"]
[EventRounds "7"]
[EventCountry "GRE"]
[Source "lmi"]
[SourceDate "2008.10.17"]
[WhiteTeam "Epam"]
[BlackTeam "CEMC"]

1. d4 Nf6 2. c4 e6 3. Nc3 Bb4 4. Qc2 O-O 5. a3 Bxc3+ 6. Qxc3 b6 7. Bg5 Bb7 8.
e3 d6 9. Ne2 Nbd7 10. Qc2 h6 11. Bh4 e5 12. dxe5 Nxe5 13. Nc3 Ng6 14. Bg3 h5
15. f3 h4 16. Bf2 h3 17. Rg1 hxg2 18. Bxg2 Qe7 19. O-O-O c6 20. h4 d5 21. h5
Nxh5 22. Rh1 Nf6 23. Rh2 Rfe8 24. Rdh1 Qd6 25. cxd5 cxd5 26. Kb1 Rac8 27. Bh3
d4 28. Bxc8 Rxc8 29. Qd1 Bxf3 30. Qxf3 dxc3 31. Qh3 Qd3+ 32. Ka2 Qc4+ 33. Kb1
Kf8 34. Be1 Qd3+ 35. Rc2 Rc5 36. Bxc3 Nd5 37. Kc1 Nxe3 38. Rf2 a5 39. Qf3 Rc7
40. Re2 Rxc3+ 41. bxc3 Qxc3+ 42. Kb1 Qd3+ 43. Ka2 Qc4+ 44. Kb2 Qd4+ 45. Ka2
Qc4+ 46. Kb2 1/2-1/2

[Event "24. European Club Cup 2008 Femenino"]
[Site "Kallithea GRE"]
[Date "2008.10.22"]
[Round "6.1"]
[White "Skripchenko, Almira"]
[Black "Sharevich, Anna"]
[Result "1/2-1/2"]
[WhiteElo "2455"]
[BlackElo "2322"]
[PlyCount "137"]
[EventDate "2008.10.17"]
[EventType "team-tourn"]
[EventRounds "7"]
[EventCountry "GRE"]
[Source "lmi"]
[SourceDate "2008.10.17"]
[WhiteTeam "CEMC"]
[BlackTeam "Epam"]

1. e4 c5 2. Nf3 e6 3. c3 Nf6 4. d3 Nc6 5. Nbd2 Be7 6. g3 O-O 7. Bg2 d5 8. O-O
b5 9. e5 Ne8 10. Re1 b4 11. h4 a5 12. c4 Nc7 13. Qe2 a4 14. Nf1 a3 15. b3 f5
16. Be3 d4 17. Bd2 Bd7 18. Ng5 Ra6 19. Nh3 Be8 20. h5 Nb8 21. Nh2 Bc6 22. Nf3
Qe8 23. Nf4 Nd7 24. Kh2 Rf7 25. Rh1 Nf8 26. Kg1 Qa8 27. Rh2 Ne8 28. Nh3 Bd8 29.
Nfg5 Rd7 30. Re1 Raa7 31. Bxc6 Qxc6 32. Rg2 h6 33. Nf3 Nh7 34. g4 fxg4 35. Rxg4
Rf7 36. Nh2 Rf5 37. Rg2 Ng5 38. Nxg5 Bxg5 39. Bxg5 hxg5 40. Qd2 g4 41. h6 Kh7
42. Nxg4 g6 43. Re4 Raf7 44. Nh2 Rh5 45. Ng4 Rhf5 46. f4 Qc7 47. Qe1 Qe7 48.
Qg3 g5 49. fxg5 Qxg5 50. Re1 Kh8 51. Qh2 Qf4 52. Qxf4 Rxf4 53. Rg3 Rf8 54. Kg2
Rg8 55. Nf2 Rxg3+ 56. Kxg3 Rf5 57. Ng4 Kh7 58. Re2 Nc7 59. Rf2 Rxf2 60. Kxf2
Na6 61. Kf3 Nb8 62. Kf4 Kg6 63. h7 Kxh7 64. Nf6+ Kg6 65. Ne4 Nd7 66. Nd2 Kh5
67. Nf3 Kg6 68. Ke4 Kf7 69. Kf4 1/2-1/2

[Event "24. European Club Cup 2008 Femenino"]
[Site "Kallithea GRE"]
[Date "2008.10.22"]
[Round "6.2"]
[White "Hou, Yifan"]
[Black "Ushenina, Anna"]
[Result "0-1"]
[WhiteElo "2578"]
[BlackElo "2496"]
[PlyCount "144"]
[EventDate "2008.10.17"]
[EventType "team-tourn"]
[EventRounds "7"]
[EventCountry "GRE"]
[Source "lmi"]
[SourceDate "2008.10.17"]
[WhiteTeam "Vidnoe"]
[BlackTeam "Saratov"]

1. e4 c6 2. d4 d5 3. exd5 cxd5 4. c4 Nf6 5. Nc3 g6 6. Qb3 Bg7 7. cxd5 O-O 8.
Be2 Na6 9. Bf3 Qb6 10. Nge2 Qxb3 11. axb3 Nb4 12. O-O Rd8 13. Ra5 a6 14. Bf4
Bg4 15. d6 Bxf3 16. dxe7 Rd5 17. Nxd5 Bxd5 18. Rc5 Nc6 19. Bd6 Bxb3 20. Nc3 Re8
21. Re1 Nxd4 22. Rc7 b5 23. Ra7 Be6 24. Rxa6 Nf5 25. Ba3 Nxe7 26. Nxb5 Ned5 27.
Nd4 Nf4 28. Nxe6 Nxe6 29. g3 h5 30. Rb6 Ng4 31. Rd6 Rb8 32. Rd2 Ne5 33. Kg2 Nc4
34. Rc2 Nxa3 35. bxa3 Ra8 36. Re3 Bd4 37. Rd3 Bc5 38. Rcc3 Ra4 39. f4 Kg7 40.
Rb3 Bf8 41. Re3 Nd4 42. Rb2 Rxa3 43. Rxa3 Bxa3 44. Rb7 Nf5 45. Kf3 Bc5 46. h3
h4 47. g4 Nd4+ 48. Ke4 Ne6 49. Kf3 Bd6 50. f5 Ng5+ 51. Kg2 gxf5 52. Rb5 Bg3 53.
gxf5 Kf6 54. Ra5 Ne4 55. Kf3 Nf2 56. Kg2 Kg5 57. Rb5 f6 58. Rd5 Kf4 59. Ra5 Nd3
60. Rd5 Ne5 61. Ra5 Kxf5 62. Ra4 Kg5 63. Ra8 f5 64. Rg8+ Kf4 65. Ra8 Kg5 66.
Rg8+ Ng6 67. Kf3 Kf6 68. Ra8 Nf4 69. Rf8+ Ke6 70. Re8+ Kf7 71. Re5 Kf6 72. Ra5
Nxh3 0-1

[Event "24. European Club Cup 2008 Femenino"]
[Site "Kallithea GRE"]
[Date "2008.10.22"]
[Round "6.2"]
[White "Kovanova, Baira"]
[Black "Kosintseva, Nadezhda"]
[Result "1-0"]
[WhiteElo "2379"]
[BlackElo "2468"]
[PlyCount "71"]
[EventDate "2008.10.17"]
[EventType "team-tourn"]
[EventRounds "7"]
[EventCountry "GRE"]
[Source "lmi"]
[SourceDate "2008.10.17"]
[WhiteTeam "Saratov"]
[BlackTeam "Vidnoe"]

1. e4 e5 2. Nf3 Nc6 3. Bb5 a6 4. Ba4 Nf6 5. d3 d6 6. O-O g6 7. h3 Bg7 8. c4 O-O
9. Nc3 Bd7 10. Be3 Nh5 11. Nd5 Ne7 12. Bxd7 Qxd7 13. d4 Nxd5 14. cxd5 c6 15.
dxc6 Qxc6 16. d5 Qb5 17. b3 Nf4 18. Bxf4 exf4 19. Rc1 Qa5 20. Qc2 h6 21. Qc7
Qxc7 22. Rxc7 f5 23. exf5 Rxf5 24. Rxb7 Rxd5 25. Re1 g5 26. Nh2 Kf8 27. Ng4 h5
28. Ree7 Bb2 29. Rf7+ Ke8 30. Nh6 Rc8 31. Rbe7+ Kd8 32. Ng8 Rc1+ 33. Kh2 Bg7
34. Rd7+ Kc8 35. Ra7 Kb8 36. Rfb7+ 1-0

[Event "24. European Club Cup 2008 Femenino"]
[Site "Kallithea GRE"]
[Date "2008.10.22"]
[Round "6.3"]
[White "Gaponenko, Inna"]
[Black "Vujic-Katanic, Branka"]
[Result "1/2-1/2"]
[WhiteElo "2473"]
[BlackElo "2107"]
[PlyCount "81"]
[EventDate "2008.10.17"]
[EventType "team-tourn"]
[EventRounds "7"]
[EventCountry "GRE"]
[Source "lmi"]
[SourceDate "2008.10.17"]
[WhiteTeam "Podgorica"]
[BlackTeam "Rudar"]

1. e4 c6 2. d4 g6 3. Nc3 Bg7 4. Nf3 d6 5. h3 Qc7 6. Be3 b5 7. a3 a6 8. Qd2 Nd7
9. Be2 e5 10. Rd1 Ngf6 11. O-O O-O 12. Bh6 Re8 13. Bxg7 Kxg7 14. Nh2 Nf8 15. f4
Ne6 16. fxe5 dxe5 17. Rxf6 Kxf6 18. Ng4+ Ke7 19. d5 Rd8 20. Qh6 cxd5 21. Nxd5+
Rxd5 22. exd5 Nd4 23. Qe3 Nxe2+ 24. Kh1 Qd6 25. Nxe5 Kf6 26. Qf2+ Kxe5 27. Re1
Bf5 28. Rxe2+ Kf6 29. Qd4+ Kg5 30. g4 Rd8 31. Re5 Kh6 32. gxf5 f6 33. Re6 Qxd5+
34. Qxd5 Rxd5 35. Rxf6 Rd1+ 36. Kg2 Rd2+ 37. Kg1 Rxc2 38. fxg6 hxg6 39. b4 a5
40. Rb6 Rc3 41. bxa5 1/2-1/2

[Event "24. European Club Cup 2008 Femenino"]
[Site "Kallithea GRE"]
[Date "2008.10.22"]
[Round "6.4"]
[White "Pitam, Ella"]
[Black "Papadopoulou, Vera"]
[Result "1-0"]
[WhiteElo "2295"]
[BlackElo "2196"]
[PlyCount "101"]
[EventDate "2008.10.17"]
[EventType "team-tourn"]
[EventRounds "7"]
[EventCountry "GRE"]
[Source "lmi"]
[SourceDate "2008.10.17"]
[WhiteTeam "Haifa"]
[BlackTeam "Aspropirgos"]

1. c4 e5 2. Nc3 Bb4 3. g3 Bxc3 4. bxc3 Nc6 5. Bg2 d6 6. d3 f5 7. Nf3 Nf6 8. O-O
O-O 9. Rb1 Rb8 10. Ne1 Bd7 11. Nc2 h6 12. Ne3 f4 13. Nd5 Nxd5 14. cxd5 Ne7 15.
e3 Ng6 16. exf4 exf4 17. Rb4 a5 18. Rd4 b5 19. h4 fxg3 20. fxg3 Rxf1+ 21. Qxf1
Ne5 22. Rf4 Qe7 23. Be4 Ng4 24. Qe2 Nf6 25. Bh7+ Kf8 26. Qf1 Ke8 27. Bg6+ Kd8
28. Bd2 Kc8 29. Qf3 Kb7 30. c4 c5 31. dxc6+ Bxc6 32. Qf2 b4 33. d4 d5 34. c5
Rf8 35. Qf1 Nd7 36. Bf5 Nf6 37. Bd3 Nd7 38. Bf5 Nf6 39. Rf3 Rd8 40. Bf4 Re8 41.
Be5 Nd7 42. Bxd7 Qxd7 43. a3 Bb5 44. Qf2 bxa3 45. Rxa3 a4 46. Qb2 Ra8 47. Qb1
Rf8 48. Qg6 Bc6 49. Ra2 Qf7 50. Rb2+ Ka7 51. Bb8+ 1-0

[Event "24. European Club Cup 2008 Femenino"]
[Site "Kallithea GRE"]
[Date "2008.10.22"]
[Round "6.4"]
[White "Vovinkina, Natalia"]
[Black "Fakhretdinova, Margarita"]
[Result "0-1"]
[WhiteElo "2147"]
[BlackElo "2147"]
[PlyCount "59"]
[EventDate "2008.10.17"]
[EventType "team-tourn"]
[EventRounds "7"]
[EventCountry "GRE"]
[Source "lmi"]
[SourceDate "2008.10.17"]
[WhiteTeam "Haifa"]
[BlackTeam "Aspropirgos"]

1. d4 d5 2. Bf4 Nf6 3. e3 e6 4. Nf3 c5 5. c3 Nc6 6. Bd3 a6 7. Nbd2 Be7 8. Ne5
Nd7 9. Ndf3 Ndxe5 10. Nxe5 Qb6 11. Rb1 Bf6 12. O-O Nxe5 13. dxe5 Be7 14. e4 Bd7
15. Qg4 g5 16. Be3 Qc6 17. Qh5 dxe4 18. Bc2 Qd5 19. f4 exf3 20. Rxf3 Rf8 21.
Bf2 Qxe5 22. Bg3 Qd5 23. Rbf1 O-O-O 24. Rxf7 Be8 25. Qxh7 Rxf7 26. Rxf7 Bxf7
27. Qxf7 Bd6 28. Bxd6 Qxd6 29. Qf3 Qd2 30. Be4 0-1

[Event "24. European Club Cup 2008 Femenino"]
[Site "Kallithea GRE"]
[Date "2008.10.22"]
[Round "6.4"]
[White "Iordanidou, Zoi"]
[Black "Porat, Maya"]
[Result "1-0"]
[WhiteElo "2110"]
[BlackElo "2167"]
[PlyCount "73"]
[EventDate "2008.10.17"]
[EventType "team-tourn"]
[EventRounds "7"]
[EventCountry "GRE"]
[Source "lmi"]
[SourceDate "2008.10.17"]
[WhiteTeam "Aspropirgos"]
[BlackTeam "Haifa"]

1. e4 c5 2. Nf3 d6 3. d3 g6 4. g3 Bg7 5. Bg2 e6 6. O-O Ne7 7. c3 O-O 8. Nh4 d5
9. f4 dxe4 10. dxe4 Qxd1 11. Rxd1 e5 12. fxe5 Nbc6 13. Bg5 Bxe5 14. Na3 Be6 15.
Nf3 Bg7 16. Nb5 Bg4 17. h3 Bxf3 18. Bxf3 f6 19. Bf4 f5 20. Nc7 Rac8 21. Ne6 Rf7
22. exf5 Rxf5 23. Nxg7 Kxg7 24. Bg4 Rxf4 25. Bxc8 Rf3 26. Kg2 Re3 27. Kf2 Re5
28. Bxb7 Na5 29. Bf3 Nc4 30. b3 Na3 31. Rd7 Nb5 32. Rc1 a5 33. a4 Na3 34. Ra1
Nc2 35. Ra2 Ne1 36. Re2 Nxf3 37. Rxe7+ 1-0

[Event "24. European Club Cup 2008 Femenino"]
[Site "Kallithea GRE"]
[Date "2008.10.22"]
[Round "6.5"]
[White "Chelushkina, Irina"]
[Black "Korbut, Ekaterina"]
[Result "0-1"]
[WhiteElo "2360"]
[BlackElo "2459"]
[PlyCount "80"]
[EventDate "2008.10.17"]
[EventType "team-tourn"]
[EventRounds "7"]
[EventCountry "GRE"]
[Source "lmi"]
[SourceDate "2008.10.17"]
[WhiteTeam "Rudovci"]
[BlackTeam "Finek"]

1. e4 c5 2. Nf3 d6 3. Be2 Nf6 4. d3 g6 5. O-O Bg7 6. a4 Nc6 7. Na3 d5 8. exd5
Nxd5 9. Nc4 O-O 10. Re1 e5 11. Bf1 f6 12. c3 Re8 13. h3 b6 14. Bd2 Be6 15. Qb1
Bf7 16. b4 cxb4 17. cxb4 a5 18. b5 Nd4 19. Nxd4 exd4 20. Rxe8+ Bxe8 21. Qb3 Bf7
22. Re1 Ra7 23. g3 Re7 24. Rc1 Re8 25. Qa3 Bf8 26. Qb2 Nb4 27. h4 h6 28. Na3
Qd5 29. Nc2 Qf3 30. Nxd4 Nxd3 31. Nxf3 Nxb2 32. Bc3 Nxa4 33. Bxf6 Nc5 34. Ne5
Bb3 35. Nxg6 Kf7 36. Nxf8 Kxf6 37. Rxc5 bxc5 38. Nd7+ Ke7 39. Nxc5 a4 40. Bd3
Kd6 0-1

[Event "24. European Club Cup 2008 Femenino"]
[Site "Kallithea GRE"]
[Date "2008.10.22"]
[Round "6.5"]
[White "Zhukova, Natalia"]
[Black "Foisor, Cristina Adela"]
[Result "1/2-1/2"]
[WhiteElo "2488"]
[BlackElo "2365"]
[PlyCount "75"]
[EventDate "2008.10.17"]
[EventType "team-tourn"]
[EventRounds "7"]
[EventCountry "GRE"]
[Source "lmi"]
[SourceDate "2008.10.17"]
[WhiteTeam "Finek"]
[BlackTeam "Rudovci"]

1. d4 d5 2. c4 c6 3. Nc3 Nf6 4. Nf3 a6 5. g3 g6 6. cxd5 cxd5 7. Bg2 Bg7 8. Ne5
O-O 9. O-O Nc6 10. Bf4 e6 11. Nxc6 bxc6 12. Na4 Nh5 13. Be3 a5 14. Rc1 Ba6 15.
b3 Bb5 16. Nc5 Re8 17. a4 Ba6 18. Qd2 f5 19. Rc2 Qb6 20. Rfc1 Bc8 21. h3 Nf6
22. Bh6 Bh8 23. Bf4 Nd7 24. Nxe6 Rxe6 25. Rxc6 Rxc6 26. Bxd5+ Re6 27. Bxa8 Bb7
28. d5 Re7 29. Bxb7 Qxb7 30. Qxa5 Nf6 31. Bg5 Rd7 32. Bxf6 Bxf6 33. Rc6 Bd8 34.
Qc3 Rxd5 35. b4 Qf7 36. Qc2 Rd4 37. Qc5 Rd5 38. Qc4 1/2-1/2

[Event "24. European Club Cup 2008 Femenino"]
[Site "Kallithea GRE"]
[Date "2008.10.22"]
[Round "6.5"]
[White "Olarasu, Gabriela"]
[Black "Demina, Julia"]
[Result "0-1"]
[WhiteElo "2297"]
[BlackElo "2357"]
[PlyCount "98"]
[EventDate "2008.10.17"]
[EventType "team-tourn"]
[EventRounds "7"]
[EventCountry "GRE"]
[Source "lmi"]
[SourceDate "2008.10.17"]
[WhiteTeam "Rudovci"]
[BlackTeam "Finek"]

1. d4 d5 2. Nf3 Nf6 3. c4 e6 4. g3 Bb4+ 5. Bd2 a5 6. Bxb4 axb4 7. Bg2 O-O 8. c5
b6 9. cxb6 c6 10. Qb3 Qxb6 11. Na3 c5 12. Nc2 Nc6 13. O-O cxd4 14. Rfd1 e5 15.
Nd2 Ba6 16. e4 dxe4 17. Nxe4 Nxe4 18. Bxe4 Rab8 19. Qf3 Bb7 20. Ne1 f5 21. Bd5+
Kh8 22. Rac1 e4 23. Qf4 d3 24. Bxc6 Bxc6 25. Ng2 Rbc8 26. Qd6 Rf6 27. Qf4 Ra8
28. Ne3 h6 29. Nxf5 Rxa2 30. Qg4 Qb7 31. Rd2 Qd7 32. Ne3 Qxg4 33. Nxg4 Re6 34.
Ne3 Kh7 35. Rc4 Ra1+ 36. Rd1 Rxd1+ 37. Nxd1 Be8 38. Rxb4 Bh5 39. Nc3 Bf3 40. g4
Ra6 41. h3 Ra1+ 42. Kh2 d2 43. Kg3 d1=Q 44. Nxd1 Rxd1 45. Kf4 Rf1 46. Ke3 Rh1
47. Rb5 Rxh3 48. b4 Bxg4+ 49. Kxe4 Rf3 0-1

[Event "24. European Club Cup 2008 Femenino"]
[Site "Kallithea GRE"]
[Date "2008.10.22"]
[Round "6.5"]
[White "Turova, Irina"]
[Black "Zivkovic, Vesna"]
[Result "1-0"]
[WhiteElo "2381"]
[BlackElo "2122"]
[PlyCount "47"]
[EventDate "2008.10.17"]
[EventType "team-tourn"]
[EventRounds "7"]
[EventCountry "GRE"]
[Source "lmi"]
[SourceDate "2008.10.17"]
[WhiteTeam "Finek"]
[BlackTeam "Rudovci"]

1. d4 Nf6 2. c4 e6 3. Nc3 Bb4 4. Qc2 O-O 5. e4 d5 6. e5 Ne4 7. a3 Bxc3+ 8. bxc3
f6 9. f3 Ng5 10. Bxg5 fxg5 11. Bd3 h6 12. Ne2 c5 13. O-O Nc6 14. Rad1 Qe7 15.
f4 Bd7 16. f5 Na5 17. cxd5 exd5 18. Qb2 Ba4 19. Rde1 Bb3 20. Ng3 Bc4 21. f6 Qc7
22. Qb1 gxf6 23. exf6 Qb6 24. Bxc4 1-0